| 000 | 01179nam a2200229Ia 4500 | ||
|---|---|---|---|
| 003 | Ost | ||
| 005 | 20260507075719.0 | ||
| 008 | 260507s9999||||xx |||||||||||||| ||und|| | ||
| 020 | _a9789931248361 | ||
| 040 | _cfsecg | ||
| 041 | _aara | ||
| 082 | _a658.834 | ||
| 100 |
_aبن ثامر، كلثوم _eمؤلف |
||
| 245 | 0 |
_aأخلاقيات ونماذج السلوك الشرائي للمستهلك الصناعي / _c كلثوم بن ثامر |
|
| 260 |
_aالجزائر: _bدار الباحث للنشر والإشهار, _c2023 |
||
| 300 |
_a170 صفحة؛ _bإيضاحات ؛ _c24 سم |
||
| 504 | _aمراجع ص.161 | ||
| 520 | _aالمستهلك الصناعي وسلوكه الاستهلاكي، موقف مركز اتخاذ القرار من وضعيات الشراء، مراحل عملية الشراء والنماذج المفسرة لها، كذلك العوامل المؤثرة على مركز الشراء واختيار الموردين، والسلوك الشرائي الدولي، وأخيرا المعضلات الأخلاقية في السوق الصناعية. | ||
| 653 | _aالسلوك | ||
| 653 | _aالمستهلكون | ||
| 942 | _cكتاب | ||
| 999 |
_c45931 _d45931 |
||